|
|
|
|
| LEADER |
00000nam0a2200000 4500 |
| 001 |
357569 |
| 005 |
20240227141902.0 |
| 035 |
|
|
|a (RuTPU)RU\TPU\retro\14837
|
| 090 |
|
|
|a 357569
|
| 100 |
|
|
|a 20200806d1913 km y0rusy50 ca
|
| 101 |
0 |
|
|a rus
|
| 102 |
|
|
|a RU
|
| 105 |
|
|
|a a z 000zy
|
| 181 |
|
0 |
|b e
|
| 182 |
|
0 |
|a n
|
| 183 |
|
0 |
|a nc
|2 RDAcarrier
|
| 200 |
1 |
|
|a Аналитические таблицы физико-химических свойств и состава сибирского масла за 1906, 1907, 1908, 1909, 1910, 1911, 1912 г. г.
|e по исследованиям Сибирской лаборатории молочного хозяйства
|f Российская Империя, Главное Управление Землеустройства и Земледелия (ГУЗиЗ) ; сост. С. Кочергин
|d Analitikal tables of the physical chemical properties and composition of Siberian butter for the years 1906, 1907, 1908, 1909, 1910, 1911 and 1912.
|d Analytische Tabellen der physikalisch-chemischen Eigenschaften und der Bestandtheile der siberischen Butter für das Jahr 1906, 1907, 1908, 1909, 1910, 1911 und 1912.
|z eng
|z ger
|
| 210 |
|
|
|a Томск
|c Типография Губернского Управления
|d 1913
|
| 215 |
|
|
|a 267 с.
|c граф.
|
| 283 |
|
|
|a volume
|
| 300 |
|
|
|a Текст в русской дореформенной орфографии
|
| 316 |
|
|
|5 63413507: 13571
|a На полях и в тексте пометы карандашом
|
| 510 |
1 |
|
|a Analitikal tables of the physical chemical properties and composition of Siberian butter for the years 1906, 1907, 1908, 1909, 1910, 1911 and 1912.
|z eng
|
| 510 |
1 |
|
|a Analytische Tabellen der physikalisch-chemischen Eigenschaften und der Bestandtheile der siberischen Butter für das Jahr 1906, 1907, 1908, 1909, 1910, 1911 und 1912.
|z ger
|
| 606 |
1 |
|
|a Жиры и масла
|x Производство
|2 stltpush
|3 (RuTPU)RU\TPU\subj\33678
|9 55845
|
| 610 |
1 |
|
|a аналитическая химия
|
| 610 |
1 |
|
|a аналитические таблицы
|
| 610 |
1 |
|
|a физические свойства
|
| 610 |
1 |
|
|a химические свойства
|
| 610 |
1 |
|
|a молочное производство
|
| 610 |
1 |
|
|a Сибирь
|
| 610 |
1 |
|
|a рефрактометрия
|
| 610 |
1 |
|
|a вода
|
| 610 |
1 |
|
|a содержание
|
| 610 |
1 |
|
|a диаграммы
|
| 675 |
|
|
|a 665.12
|v 4
|
| 702 |
|
1 |
|a Кочергин
|b С.
|4 220
|
| 712 |
0 |
1 |
|a Российская Империя
|b Главное Управление Землеустройства и Земледелия (ГУЗиЗ)
|c (1905-1915)
|3 (RuTPU)RU\TPU\col\18565
|
| 801 |
|
1 |
|a RU
|b 63413507
|c 20200806
|
| 801 |
|
2 |
|a RU
|b 63413507
|c 20201007
|g RCR
|
| 942 |
|
|
|c BK
|